000 00722nam a2200265Ia 4500
005 20260302114143.0
008 008 260114s9999 xx 000 0 eng d
020 _a9781350277113
037 _aTextbook
040 _aCRL
040 _beng
040 _cCRL
041 _2eng
041 _aeng
084 _qCRL
100 _aStefano Gualeni and Riccardo Fassone
_91117916
245 0 _aFictional Games A Philosophy of Worldbuilding and Imaginary Play
260 _bBloomsbury
260 _bBloomsbury Academic
260 _c2022
650 _aPhilosophy
856 _uhttps://doi.org/10.5040/9781350277113?locatt=label:secondary_bloomsburyCollections
942 _cEBOOK
999 _c1681533
_d1681533